| 000 | 00509nam a2200205Ia 4500 | ||
|---|---|---|---|
| 005 | 20231106111251.0 | ||
| 008 | 131103s9999 xx 000 0 und d | ||
| 020 | _a8171568822 | ||
| 040 | _aLoreto College | ||
| 041 | _aEnglish | ||
| 082 |
_a793.73 _bBRI |
||
| 245 | 4 | _aThe Britannica Quizmaster | |
| 260 |
_aNew Delhi _bEncyclopaedia Britannica _cc2005 |
||
| 300 | _av.4(112 p.) | ||
| 440 | _aIndia series | ||
| 650 | _aQuizzes | ||
| 651 | _aQuestions and Answers | ||
| 850 | _aLCLIB | ||
| 942 | _cBK | ||
| 999 |
_c6213 _d56692 |
||